Statistics for Marvel's Thor: The Dark World Characters Quiz

Click here to take the quiz!

General Stats

  • This quiz has been taken 197 times
  • The average score is 10 of 14

Answer Stats

Actor/ActressDescriptionCharacter% Correct
Chris HemsworthThe crown prince of Asgard, based on the Norse mythological deity of the same nameThor
100%
Tom HiddlestonThor's adoptive brother and nemesis, based on the deity of the same name, who forms an uneasy alliance with Thor against the Dark ElvesLoki
98%
Anthony HopkinsThe king of Asgard, father of Thor, and adoptive father of Loki, based on the deity of the same name, who disapproves of Jane Foster being in AsgardOdin
96%
Natalie PortmanAn astrophysicist and Thor's love interest, who is brought from Earth to Asgard by Thor after she is infected with a mysterious energyJane Foster
91%
Idris ElbaThe all-seeing, all-hearing Asgardian sentry of the Bifröst Bridge, based on the mythological deity of the same nameHeimdall
84%
Jaimie AlexanderAn Asgardian warrior, Thor's childhood friend and Jane Foster's romantic rival, based on the deity of the same nameSif
77%
Rene RussoThe wife of Odin, queen of Asgard, mother of Thor and adoptive mother of Loki, based on the mythological deity of the same nameFrigga
76%
Christopher EcclestonThe ruler of the Dark Elves of SvartalfheimMalekith
71%
Stellan SkarsgardFoster's mentor and colleagueErik Selvig
64%
Ray StevensonA member of the Warriors Three; a group of three Asgardian adventurers who are among Thor's closest comrades, known for both his hearty appetite and wide girthVolstagg
55%
Kat DenningsA political science major who is interning for FosterDarcy Lewis
54%
Zachary LeviA member of the Warriors Three, characterized as an irrepressible swashbuckler and romanticFandral
53%
Tadanobu AsanoA member of the Warriors Three, a native of Vanaheim primarily identified by his grim demeanorHogun
49%
Adewale Akinnuoye-AgbajeA Dark Elf, and Malekith's trusted and loyal lieutenant, who is transformed into a monstrous creature in order to destroy ThorAlgrim / Kurse
43%

Score Distribution

Percentile by Number Answered

Percent of People with Each Score

Your Score History

You have not taken this quiz